00400nam a2200121 a 450000100100000000500170001000800410002704000250006810000270009324500490012026000890016930000200025800002667220200930030338.0110324s19uu dr 000 p spa d aDO-SdBNPbspacBNPHU1 aCabral U., Luis Emilio 0aRisueño amanecer. /cLuis Emilio Cabral U. aSan Francisco de Macoris, República Dominicana :bTipografía Cervantes,c[s.f.]. a69 p. ;c22 cm.